00563nam a2200193Ia 4500003000400000005001700004008004100021040001800062041000800080082002100088100002000109245009200129250001200221260003800233300002400271650001300295700003800308700002300346OSt20250122102714.0210716s1956 xx 000 0 und d cAIMIT LIBRARY aeng a808.83 21bPROM aProust, Marcel. aSwanns way.cBy Marcel Proust ; Translated by C K Scott Moncrieff and Lewis Galantiere. a1st ed. aNew York :bRandom House ;c1956. a551p. ;bPBc18 cm. aOverture aMongrieff, C K Scott.eTranslator aGalantiere, Lewis.